000 01354nam1a2200301 4500
001 RU\NLR\BIBL_A\022454261
005 20250807185203.0
035 _a(NLR Aleph) 022454261
090 _a81517
_c81517
100 _a20250211d1941 m y0rusy50 ca
101 0 _auzb
102 _aUZ
105 _aj z 000 y
181 0 _ai
_baxxe
182 0 _an
200 1 _aAddij sistemadagi kolxoz hsabciligini asaslariӊ
_ekolxoz hsabciligi sirtқi қurslari ugun darslik
_fSSSR jer işlari XalқKomisarligi. Butun inniғaҝ sirtқi ugot қurslari (VZUK) orta Azija ғiliali
_gA. Gribov, I. Zujko, G. Zujkov идр.
203 _aТекст
_bвизуальный
_cнепосредственный
210 _aTaşkent
_cOzdavnaşr
_d1941
215 _d20
541 1 _aОсновы колхозного счетоводства по простой системе
_eучеб. пособие для заоч. обучения колхозному счетоводству
_zrus
701 1 _aГрибов
_bА.И.
_gАнтон Иванович
_4070
701 1 _aЖуйко
_gИван Семенович
_4070
701 1 _aЖуйков
_bГ.Г.
_gГеоргий Герасимович
_4070
852 _aNLR
_bОНЛ
_jУзбек./2-929
942 _cBOOK
945 _aРоссийская национальная библиотека
980 _aBV